Informacionnoje obespečenije ekonomičeskogo analiza

Saved in:
Bibliographic Details
Main Author: Sevruk, Michail Anatol'jevič
Format: Book
Language:Russian
Published: Moskva Finansy i statistika 1982
Tags: Add Tag
No Tags, Be the first to tag this record!

MARC

LEADER 00000nam a2200000 4500
001 c131554
005 20041019155252.7
041 0 |a rus 
044 |a RU 
245 1 0 |a Informacionnoje obespečenije ekonomičeskogo analiza  |c Michail Anatol'jevič Sevruk 
264 1 |a Moskva  |b Finansy i statistika  |c 1982 
300 |a 91 s. 
100 1 |a Sevruk, Michail Anatol'jevič